书目信息 |
| 题名: |
语文学习与教学
|
|
| 作者: | 张寿康 著 | |
| 分册: | ||
| 出版信息: | 兰州 甘肃人民出版社 1984 |
|
| 页数: | 316页 | |
| 开本: | 21cm | |
| 丛书名: | ||
| 单 册: | ||
| 中图分类: | H193 , G632 | |
| 科图分类: | ||
| 主题词: | 语文-学习方法 , 学习方法-语文 , 语文-教学法 , 教学法-语文 , 教育--各级 | |
| 电子资源: | ||
| ISBN: | ||
| 000 | 00728nam0 2200289 45 | |
| 001 | 1552431240 | |
| 005 | 20150123095522.93 | |
| 010 | @dCNY1.20 | |
| 091 | @aCN@b7096.212 | |
| 100 | @a19950515d1984 em y0chiy0121 ea | |
| 101 | 0 | @achi |
| 102 | @aCN@b620000 | |
| 105 | @ay z 000yy | |
| 200 | 10 | @a语文学习与教学@Ayu wen xue xi yu jiao xue@f张寿康著 |
| 210 | @a兰州@c甘肃人民出版社@d1984 | |
| 215 | @a316页@d21cm | |
| 606 | @a语文-学习方法 | |
| 606 | @a学习方法-语文 | |
| 606 | @a语文-教学法 | |
| 606 | @a教学法-语文 | |
| 606 | 0 | @a教育@x各级 |
| 690 | @aH193@v3 | |
| 690 | @aG632@v4 | |
| 701 | 0 | @a张寿康@Azhang shou kang@4著 |
| 801 | 0 | @aCN@bTSSF@c20150123 |
| 801 | 2 | @aCN@bNLC |
| 905 | @aZUCC@dG632@eJY63 | |
| 语文学习与教学/张寿康著.-兰州:甘肃人民出版社,1984 |
| 316页;21cm |
| ISBN :CNY1.20 |
| ● |
| 相关链接 |
|
|
|
|
正题名:语文学习与教学
索取号:G632/JY63
 
预约/预借
| 序号 | 登录号 | 条形码 | 馆藏地/架位号 | 状态 | 备注 |
| 1 | 7844368 | 278443686 | 学院路分馆/ [索取号:G632/JY63] | 在馆 | |
| 2 | 7848251 | 278482517 | 学院路分馆/ [索取号:G632/JY63] | 在馆 |